[Event "20th Capablanca memorial group B"]
[Site "Havana CUB"]
[Date "1985.??.??"]
[Round "1"]
[White "Hernandez, Jose de Jesus"]
[Black "Lechtynsky, Jiri"]
[Result "1/2-1/2"]
[WhiteElo "2335"]
[BlackElo "2445"]
[EventDate "1985.05.22"]
[PlyCount "33"]

1.e4 e6 2.d4 d5 3.exd5 exd5 4.Bd3 Nc6 5.c3 Bd6 6.Qf3 Nf6 7.h3 Be6 8.Ne2 
Qd7 9.Bf4 O-O-O 10.Bxd6 Qxd6 11.Nd2 Ne7 12.a4 Ng6 13.O-O Rde8 14.Rfe1 Bd7 
15.a5 Nh4 16.Qg3 Qxg3 17.Nxg3 1/2-1/2

[Event "20th Capablanca memorial group B"]
[Site "Havana CUB"]
[Date "1985.??.??"]
[Round "1"]
[White "Vogt, Lothar"]
[Black "Huertas Soris, Ramon"]
[Result "1/2-1/2"]
[WhiteElo "2460"]
[BlackElo "2440"]
[EventDate "1985.05.22"]
[PlyCount "65"]

1.e4 e6 2.d4 d5 3.Nd2 Nf6 4.e5 Nfd7 5.Ngf3 c5 6.c3 Nc6 7.Bd3 a5 8.O-O cxd4
9.cxd4 Nb6 10.a3 Bd7 11.b3 Be7 12.Bb2 Kf8 13.Ne1 h5 14.f4 g6 15.Nc2 a4 16.
b4 Na7 17.Ne3 Bb5 18.Nf3 Kg7 19.Bxb5 Nxb5 20.Qd3 Qd7 21.Rac1 Rac8 22.Rc5 
Nc4 23.Nxc4 dxc4 24.Rxc4 Rxc4 25.Qxc4 Rc8 26.Qd3 Qd5 27.Rc1 Rxc1+ 28.Bxc1 
Bd8 29.h3 Bb6 30.Bb2 Ba7 31.Kh2 Bb6 32.Kg3 Ba7 33.Kh2 1/2-1/2

[Event "20th Capablanca memorial group B"]
[Site "Havana CUB"]
[Date "1985.??.??"]
[Round "1"]
[White "Garcia Gonzales, Guillermo"]
[Black "Verduga Zavala, Denis Homero"]
[Result "1-0"]
[WhiteElo "2440"]
[BlackElo "2415"]
[EventDate "1985.05.22"]
[PlyCount "75"]

1.d4 Nf6 2.Nf3 c5 3.d5 g6 4.Nc3 Bg7 5.e4 O-O 6.Nd2 d6 7.Be2 b6 8.a4 Na6 9.
O-O Nc7 10.Re1 Rb8 11.Nc4 Ba6 12.Na3 Bxe2 13.Rxe2 a6 14.Nc4 Nd7 15.Bf4 Ne5
16.Nxe5 dxe5 17.Bg5 Qd6 18.Rd2 f6 19.Be3 f5 20.f3 Ne8 21.Qe2 Ra8 22.Qc4 
Kh8 23.a5 bxa5 24.Rxa5 Qb8 25.Bxc5 Qc7 26.Qa2 Bh6 27.Re2 Nf6 28.g3 Bc1 29.
b4 Nd7 30.Kg2 Bg5 31.Nd1 Rfc8 32.c4 Qb7 33.Nf2 h5 34.exf5 gxf5 35.Qc2 Rf8 
36.Nh3 Bf6 37.Qxf5 Nxc5 38.bxc5 1-0

[Event "20th Capablanca memorial group B"]
[Site "Havana CUB"]
[Date "1985.??.??"]
[Round "1"]
[White "Tatai, Stefano"]
[Black "Montiel, Pedro"]
[Result "1-0"]
[WhiteElo "2475"]
[BlackElo "2310"]
[EventDate "1985.05.22"]
[PlyCount "71"]

1.d4 d5 2.c4 e6 3.Nc3 c5 4.cxd5 exd5 5.Nf3 Nc6 6.g3 Nf6 7.Bg2 Be7 8.O-O 
O-O 9.Bg5 cxd4 10.Nxd4 h6 11.Be3 Re8 12.Qa4 Bd7 13.Rad1 Nb4 14.Qb3 a5 15.
a4 Rc8 16.Ndb5 Be6 17.Bd4 Bc5 18.Bxc5 d4 19.Qa3 Nc2 20.Nxd4 Nxa3 21.Nxe6 
Qxd1 22.Rxd1 Nc4 23.Bxb7 Rb8 24.Nc7 Re5 25.Bd5 Nxd5 26.N7xd5 Rxb2 27.Rd4 
Nd2 28.Bd6 Re8 29.Kg2 Rc2 30.e4 Kh7 31.e5 Rc8 32.Rf4 R8xc3 33.Nxc3 Rxc3 
34.Rxf7 Ne4 35.Rc7 Rd3 36.Bf8 1-0

[Event "20th Capablanca memorial group B"]
[Site "Havana CUB"]
[Date "1985.??.??"]
[Round "1"]
[White "Ortega, Lexy"]
[Black "Csom, Istvan"]
[Result "0-1"]
[WhiteElo "2385"]
[BlackElo "2480"]
[EventDate "1985.05.22"]
[PlyCount "76"]

1.Nf3 b6 2.e4 Bb7 3.Nc3 e6 4.a3 c5 5.d4 cxd4 6.Nxd4 d6 7.f4 a6 8.Bc4 Nc6 
9.Nxc6 Bxc6 10.f5 b5 11.Bb3 Qh4+ 12.g3 Qh3 13.fxe6 fxe6 14.Qe2 Be7 15.Bf4 
e5 16.Bd2 Nf6 17.Bg5 Bd7 18.Bxf6 Bxf6 19.Nd5 Bd8 20.Rf1 Qh6 21.c3 Bh3 22.
Rf2 Rb8 23.a4 Be6 24.axb5 axb5 25.Nf6+ Bxf6 26.Bxe6 Rf8 27.Bd5 Be7 28.Bc6+
Kd8 29.Rxf8+ Bxf8 30.Ra7 d5 31.Rd7+ Kc8 32.exd5 Ra8 33.Qxe5 Ra1+ 34.Ke2 
Qxh2+ 35.Kf3 Rf1+ 36.Kg4 h5+ 37.Kg5 Qd2+ 38.Kg6 Qh6# 0-1

[Event "20th Capablanca memorial group B"]
[Site "Havana CUB"]
[Date "1985.??.??"]
[Round "2"]
[White "Montiel, Pedro"]
[Black "Garcia Palermo, Carlos"]
[Result "0-1"]
[WhiteElo "2310"]
[BlackElo "2520"]
[EventDate "1985.05.22"]
[PlyCount "104"]

1.e4 c6 2.c4 d5 3.exd5 cxd5 4.cxd5 Nf6 5.Bb5+ Nbd7 6.Nc3 g6 7.Nf3 Bg7 8.
O-O O-O 9.Bxd7 Qxd7 10.Qb3 b6 11.Ne5 Qd6 12.d4 Bb7 13.Bg5 Bxd5 14.Qa4 Bb7 
15.Rfe1 a6 16.Rad1 b5 17.Qb3 Rac8 18.a3 Bd5 19.Nxd5 Nxd5 20.Bh4 e6 21.Bg3 
Qd8 22.Nf3 Rc4 23.Be5 f6 24.Bg3 Qd7 25.Qd3 Bh6 26.h4 Rfc8 27.Re2 Rc1 28.
Rde1 Kf7 29.h5 Rxe1+ 30.Rxe1 Qc6 31.Qe4 Ne7 32.hxg6+ hxg6 33.Qe2 Qc4 34.
Qe4 Qd5 35.Qd3 Rc1 36.Rxc1 Bxc1 37.Qc2 Qc4 38.Qb1 Nf5 39.b3 Qc6 40.Qa2 Qe4
41.Qa1 Nxg3 42.fxg3 Be3+ 43.Kh2 Qd3 44.Qe1 g5 45.g4 Qh7+ 46.Kg3 Bf4+ 47.
Kf2 Qc2+ 48.Qe2 Bg3+ 49.Kf1 Qc1+ 50.Ne1 Ke7 51.a4 Kd6 52.axb5 axb5 0-1

[Event "20th Capablanca memorial group B"]
[Site "Havana CUB"]
[Date "1985.??.??"]
[Round "2"]
[White "Verduga Zavala, Denis Homero"]
[Black "Tatai, Stefano"]
[Result "1/2-1/2"]
[WhiteElo "2415"]
[BlackElo "2475"]
[EventDate "1985.05.22"]
[PlyCount "33"]

1.c4 c5 2.g3 g6 3.Bg2 Bg7 4.Nc3 Nc6 5.a3 e6 6.Rb1 a5 7.d3 Nge7 8.e4 O-O 9.
Nge2 d6 10.O-O Rb8 11.Be3 Nd4 12.b4 axb4 13.axb4 Ndc6 14.bxc5 dxc5 15.Nb5 
Ra8 16.Ned4 Nxd4 17.Qd2 1/2-1/2

[Event "20th Capablanca memorial group B"]
[Site "Havana CUB"]
[Date "1985.??.??"]
[Round "2"]
[White "Hernandez, Jose de Jesus"]
[Black "Vogt, Lothar"]
[Result "1/2-1/2"]
[WhiteElo "2335"]
[BlackElo "2460"]
[EventDate "1985.05.22"]
[PlyCount "37"]

1.e4 c5 2.c3 d5 3.exd5 Qxd5 4.d4 Nf6 5.Nf3 Bg4 6.Be2 e6 7.h3 Bh5 8.O-O Be7
9.Be3 Nbd7 10.c4 Qd6 11.Nc3 O-O 12.dxc5 Qxd1 13.Rfxd1 Bxc5 14.Bxc5 Nxc5 
15.g4 Bg6 16.Ne5 a5 17.f3 Rfd8 18.Kf2 Kf8 19.Ke3 1/2-1/2

[Event "20th Capablanca memorial group B"]
[Site "Havana CUB"]
[Date "1985.??.??"]
[Round "3"]
[White "Vogt, Lothar"]
[Black "Lechtynsky, Jiri"]
[Result "1/2-1/2"]
[WhiteElo "2460"]
[BlackElo "2445"]
[EventDate "1985.05.22"]
[PlyCount "165"]

1.e4 d6 2.d4 Nf6 3.Nc3 g6 4.Nf3 Bg7 5.h3 O-O 6.Be3 c6 7.a4 Nbd7 8.Qd2 Qa5 
9.Rd1 c5 10.Be2 cxd4 11.Bxd4 b6 12.O-O Bb7 13.b4 Qxb4 14.Rb1 Qa5 15.Rb5 
Nxe4 16.Nxe4 Qxd2 17.Nexd2 e5 18.Ba1 d5 19.Rbb1 Bc6 20.Bb5 Rfc8 21.Rfe1 f6
22.Red1 Nc5 23.a5 bxa5 24.Bc3 Bxb5 25.Rxb5 a6 26.Rbb1 a4 27.Bb4 Ne6 28.Nf1
d4 29.Ne1 Nf4 30.Ra1 a5 31.Bd2 Ne2+ 32.Kh2 Rc4 33.Rdb1 e4 34.Rb5 f5 35.
Rxa5 Rxa5 36.Bxa5 d3 37.cxd3 exd3 38.Ra2 Nc1 39.Rd2 a3 40.Nxd3 Nxd3 41.
Rxd3 a2 42.Ra3 a1=Q 43.Rxa1 Bxa1 44.Bd2 Bd4 45.Kg3 Kf7 46.Kf3 Bb6 47.g4 
Ke6 48.gxf5+ Kxf5 49.Ne3+ Bxe3 50.Bxe3 g5 51.Kg3 h6 52.Bd2 Ra4 53.Be3 Rb4 
54.Bd2 Re4 55.Bc1 Ra4 56.Be3 Rc4 57.Bd2 Kg6 58.Be3 Kh5 59.Bd2 Rc2 60.Be3 
Rc3 61.Kh2 Kh4 62.Kg2 Rb3 63.Kh2 Rb5 64.Kg2 Rf5 65.Bb6 Rf4 66.Be3 Rc4 67.
Bb6 Kh5 68.Ba7 Kg6 69.Be3 h5 70.Bd2 Kf5 71.Be3 Rb4 72.Bd2 Rb5 73.Kf3 Rb1 
74.Kg2 g4 75.hxg4+ hxg4 76.Ba5 Rb3 77.Bc7 Ke4 78.Bd6 Rf3 79.Bc7 Kd3 80.Bd6
Ke2 81.Bg3 Ke1 82.Bh4 Ke2 83.Bg3 1/2-1/2

[Event "20th Capablanca memorial group B"]
[Site "Havana CUB"]
[Date "1985.??.??"]
[Round "4"]
[White "Hernandez, Jose de Jesus"]
[Black "Tatai, Stefano"]
[Result "1/2-1/2"]
[WhiteElo "2335"]
[BlackElo "2475"]
[EventDate "1985.05.22"]
[PlyCount "37"]

1.e4 c5 2.c3 d5 3.exd5 Qxd5 4.d4 e6 5.Nf3 Nf6 6.Be2 Nc6 7.O-O Be7 8.Bf4 
cxd4 9.cxd4 O-O 10.Nc3 Qd8 11.Rc1 Nb4 12.Ne5 Bd7 13.Bf3 Bc6 14.Nxc6 bxc6 
15.Be5 Nd7 16.Be4 f5 17.Bb1 Nxe5 18.dxe5 Qxd1 19.Rfxd1 1/2-1/2

[Event "20th Capablanca memorial group B"]
[Site "Havana CUB"]
[Date "1985.??.??"]
[Round "4"]
[White "Vogt, Lothar"]
[Black "Garcia Gonzales, Guillermo"]
[Result "1/2-1/2"]
[WhiteElo "2460"]
[BlackElo "2440"]
[EventDate "1985.05.22"]
[PlyCount "84"]

1.e4 c6 2.d4 d5 3.Nc3 dxe4 4.Nxe4 Nd7 5.Nf3 Ngf6 6.Ng3 g6 7.Bc4 Bg7 8.O-O 
O-O 9.Re1 Nb6 10.Bb3 a5 11.a4 Bg4 12.c3 Nbd5 13.h3 Bxf3 14.Qxf3 Re8 15.c4 
Nb4 16.Be3 Qd7 17.Rad1 Red8 18.d5 cxd5 19.cxd5 Nfxd5 20.Bg5 e6 21.Ne4 Qc7 
22.Bxd8 Rxd8 23.Nc3 Nxc3 24.Rxd8+ Qxd8 25.bxc3 Nc6 26.Rd1 Qc7 27.Qd3 Bf6 
28.Qd7 Qxd7 29.Rxd7 Bxc3 30.Rxb7 Nd4 31.Bc4 Nf5 32.Ra7 Nd6 33.Bb3 h5 34.
Kf1 Kf8 35.Ke2 e5 36.g4 hxg4 37.hxg4 g5 38.Kd3 Bb4 39.Bxf7 Nxf7 40.Ke4 Bd2
41.Kd5 Ke8 42.f3 Bb4 1/2-1/2

[Event "20th Capablanca memorial group B"]
[Site "Havana CUB"]
[Date "1985.??.??"]
[Round "5"]
[White "Garcia Palermo, Carlos"]
[Black "Hernandez, Jose de Jesus"]
[Result "1-0"]
[WhiteElo "2520"]
[BlackElo "2335"]
[EventDate "1985.05.22"]
[PlyCount "81"]

1.d4 d5 2.c4 e6 3.Nc3 Be7 4.cxd5 exd5 5.Bf4 Nf6 6.e3 O-O 7.Nf3 b6 8.Bd3 c5
9.Ne5 Bb7 10.O-O Nc6 11.Qa4 Nxe5 12.dxe5 Nh5 13.Be2 Nxf4 14.Qxf4 Re8 15.
Rad1 Bg5 16.Qg4 Bh6 17.f4 Qc8 18.Qxc8 Raxc8 19.Nxd5 Bxd5 20.Rxd5 Re7 21.
Rfd1 g6 22.Rd8+ Rxd8 23.Rxd8+ Bf8 24.a4 Kg7 25.Bc4 Rc7 26.Kf2 Be7 27.Re8 
h5 28.b3 f6 29.exf6+ Bxf6 30.e4 Re7 31.Rg8+ Kh7 32.e5 Bg7 33.Rd8 h4 34.g4 
hxg3+ 35.hxg3 Bh6 36.Kf3 g5 37.Bd3+ Kg7 38.Ke4 gxf4 39.gxf4 Kf7 40.f5 Bc1 
41.Bc4+ 1-0

[Event "20th Capablanca memorial group B"]
[Site "Havana CUB"]
[Date "1985.??.??"]
[Round "5"]
[White "Ortega, Lexy"]
[Black "Verduga Zavala, Denis Homero"]
[Result "0-1"]
[WhiteElo "2385"]
[BlackElo "2415"]
[EventDate "1985.05.22"]
[PlyCount "82"]

1.Nf3 g6 2.e4 c5 3.c4 Bg7 4.d4 Qa5+ 5.Bd2 Qb6 6.Bc3 cxd4 7.Nxd4 Nf6 8.Bd3 
d6 9.O-O O-O 10.Qb3 Qd8 11.Nc2 Nbd7 12.Ne3 b6 13.Nd5 Bb7 14.Qd1 Rc8 15.
Nxf6+ Nxf6 16.Qe2 Qc7 17.Nd2 e6 18.Kh1 Rfe8 19.e5 Nh5 20.f4 Red8 21.Be4 d5
22.cxd5 exd5 23.Bd3 Bh6 24.f5 d4 25.Bb4 Nf4 26.Rxf4 Bxf4 27.e6 Kg7 28.Rf1 
Qe5 29.Qg4 a5 30.fxg6 axb4 31.Rxf4 f6 32.gxh7+ Kh8 33.Nf1 Rc1 34.Rxd4 Qxd4
35.e7 Qxd3 36.Qg8+ Rxg8 37.hxg8=Q+ Kxg8 38.e8=Q+ Kg7 39.Qe7+ Kg6 40.Qe8+ 
Kg5 41.Qg8+ Kf5 0-1

[Event "20th Capablanca memorial group B"]
[Site "Havana CUB"]
[Date "1985.??.??"]
[Round "6"]
[White "Lechtynsky, Jiri"]
[Black "Pecorelli Garcia, Humberto"]
[Result "1/2-1/2"]
[WhiteElo "2445"]
[BlackElo "2435"]
[EventDate "1985.05.22"]
[PlyCount "52"]

1.Nf3 Nf6 2.d4 g6 3.Bg5 Bg7 4.Nbd2 d5 5.c3 O-O 6.e3 Nbd7 7.Bd3 b6 8.O-O 
Bb7 9.Qb1 c5 10.a4 Qc7 11.Bf4 Qc8 12.h3 Ba6 13.b4 Bxd3 14.Qxd3 cxb4 15.
cxb4 Qb7 16.Rfc1 Rfc8 17.b5 e6 18.Nb3 Rxc1+ 19.Rxc1 Rc8 20.Rc2 Bf8 21.Nc1 
Ne4 22.Na2 Be7 23.Kf1 f6 24.Bh2 Kf7 25.Ne1 Bd6 26.Bxd6 Nxd6 1/2-1/2

[Event "20th Capablanca memorial group B"]
[Site "Havana CUB"]
[Date "1985.??.??"]
[Round "6"]
[White "Vogt, Lothar"]
[Black "Garcia Palermo, Carlos"]
[Result "1/2-1/2"]
[WhiteElo "2460"]
[BlackElo "2520"]
[EventDate "1985.05.22"]
[PlyCount "90"]

1.e4 c6 2.d4 d5 3.Nc3 dxe4 4.Nxe4 Bf5 5.Ng3 Bg6 6.h4 h6 7.Nf3 Nd7 8.h5 Bh7
9.Bd3 Bxd3 10.Qxd3 Qc7 11.Bd2 e6 12.O-O-O Ngf6 13.Qe2 c5 14.Rhe1 cxd4 15.
Nxd4 Rc8 16.Bc3 Qc4 17.Qxc4 Rxc4 18.Nb5 a6 19.Nd6+ Bxd6 20.Rxd6 Rf4 21.Rd2
O-O 22.f3 Rc8 23.Rd4 Nd5 24.Rxf4 Nxf4 25.Re4 Nd5 26.Ne2 Rc6 27.Rd4 f5 28.
Nf4 N7f6 29.Nxd5 Nxd5 30.Bd2 Nf6 31.g4 fxg4 32.fxg4 Kf7 33.a4 e5 34.Rb4 
Rc7 35.Kd1 Ke6 36.c3 Nd5 37.Re4 Nf6 38.Rb4 Nd5 39.Re4 a5 40.Re2 Rc4 41.Rg2
Rxa4 42.g5 Ra1+ 43.Kc2 Nf4 44.gxh6 gxh6 45.Rg7 Nxh5 1/2-1/2

[Event "20th Capablanca memorial group B"]
[Site "Havana CUB"]
[Date "1985.??.??"]
[Round "7"]
[White "Tatai, Stefano"]
[Black "Lechtynsky, Jiri"]
[Result "1/2-1/2"]
[WhiteElo "2475"]
[BlackElo "2445"]
[EventDate "1985.05.22"]
[PlyCount "38"]

1.d4 Nf6 2.c4 g6 3.Nf3 Bg7 4.g3 c6 5.Bg2 O-O 6.O-O d6 7.Nc3 Qa5 8.h3 Be6 
9.Nd2 Na6 10.a3 d5 11.c5 Rad8 12.e3 Bc8 13.b4 Qc7 14.Bb2 e5 15.dxe5 Qxe5 
16.Nf3 Qe7 17.Nd4 Nc7 18.Qc2 Rfe8 19.Rad1 a5 1/2-1/2

[Event "20th Capablanca memorial group B"]
[Site "Havana CUB"]
[Date "1985.??.??"]
[Round "7"]
[White "Ortega, Lexy"]
[Black "Hernandez, Jose de Jesus"]
[Result "1/2-1/2"]
[WhiteElo "2385"]
[BlackElo "2335"]
[EventDate "1985.05.22"]
[PlyCount "20"]

1.d4 d5 2.c4 e6 3.Nc3 Nf6 4.Nf3 Be7 5.Bg5 h6 6.Bxf6 Bxf6 7.e3 O-O 8.Rc1 b6
9.Bd3 Bb7 10.cxd5 exd5 1/2-1/2

[Event "20th Capablanca memorial group B"]
[Site "Havana CUB"]
[Date "1985.??.??"]
[Round "7"]
[White "Pecorelli Garcia, Humberto"]
[Black "Montiel, Pedro"]
[Result "1-0"]
[WhiteElo "2435"]
[BlackElo "2310"]
[EventDate "1985.05.22"]
[PlyCount "65"]

1.d4 d5 2.c4 e6 3.Nf3 c5 4.cxd5 exd5 5.Bg5 Be7 6.Bxe7 Nxe7 7.dxc5 Qa5+ 8.
Nc3 Qxc5 9.Qd4 Qxd4 10.Nxd4 Nbc6 11.Rd1 Nxd4 12.Rxd4 Be6 13.e3 O-O-O 14.
Nb5 Kb8 15.Kd1 Rc8 16.Kd2 Bd7 17.Rf4 f6 18.Bd3 Rc6 19.Nc3 Rd6 20.h4 a6 21.
Ne2 Nc6 22.h5 Ne5 23.Nd4 Nc4+ 24.Bxc4 dxc4 25.Kc3 b5 26.Re4 Re8 27.Rhh4 
Rd5 28.Rxe8+ Bxe8 29.h6 gxh6 30.Rxh6 Bg6 31.a4 Rg5 32.g3 Kc7 33.Ne6+ 1-0

[Event "20th Capablanca memorial group B"]
[Site "Havana CUB"]
[Date "1985.??.??"]
[Round "8"]
[White "Lechtynsky, Jiri"]
[Black "Montiel, Pedro"]
[Result "1-0"]
[WhiteElo "2445"]
[BlackElo "2310"]
[EventDate "1985.05.22"]
[PlyCount "75"]

1.d4 d5 2.c4 e6 3.Nf3 c5 4.cxd5 exd5 5.Nc3 Nc6 6.g3 Nf6 7.Bg2 Be7 8.O-O 
O-O 9.dxc5 Bxc5 10.Bg5 d4 11.Ne4 Be7 12.Bxf6 Bxf6 13.Qd2 Re8 14.Qf4 Be7 
15.Rfd1 h6 16.Ne5 Be6 17.Nxc6 bxc6 18.Qe5 Rb8 19.Rxd4 Qb6 20.Rd2 Bb4 21.
Nc3 Bxa2 22.Qf4 Be6 23.h4 a5 24.Rad1 Qa6 25.Qf3 Rec8 26.Ra1 Qc4 27.Qd3 Qb3
28.Be4 Rc7 29.Qc2 Qc4 30.Rad1 Rcc8 31.Rd4 Qa6 32.Bd3 Qa7 33.Bc4 Bc5 34.
Bxe6 Bxd4 35.Bxc8 Bxf2+ 36.Kg2 Rxc8 37.Qf5 Rb8 38.Rd7 1-0

[Event "20th Capablanca memorial group B"]
[Site "Havana CUB"]
[Date "1985.??.??"]
[Round "8"]
[White "Verduga Zavala, Denis Homero"]
[Black "Pecorelli Garcia, Humberto"]
[Result "1-0"]
[WhiteElo "2415"]
[BlackElo "2435"]
[EventDate "1985.05.22"]
[PlyCount "145"]

1.c4 e5 2.Nc3 Nc6 3.g3 g6 4.Bg2 Bg7 5.Rb1 d6 6.d3 Be6 7.Nf3 h6 8.O-O Qd7 
9.Re1 Nge7 10.b4 O-O 11.b5 Nd8 12.Qc2 f5 13.Nd2 g5 14.a4 f4 15.Ba3 Bh3 16.
Bh1 Nf5 17.c5 Kh8 18.e3 Rb8 19.Nd5 Ne6 20.cxd6 cxd6 21.Ne4 Rf7 22.Qd1 g4 
23.Rc1 fxe3 24.fxe3 Rbf8 25.Bg2 Nfd4 26.exd4 Nxd4 27.Rc7 Qf5 28.Rxf7 Qxf7 
29.Ne3 Bxg2 30.Kxg2 Qa2+ 31.Kh1 Qxa3 32.Nc4 Qa2 33.Ncxd6 Nf3 34.Re2 Qd5 
35.Rc2 Rd8 36.Rc5 Qe6 37.Nxb7 Rd7 38.Rc6 Qd5 39.Nbd6 Kh7 40.Qc2 Qd4 41.Qb1
Qd5 42.a5 Nd2 43.Qe1 Nf3 44.Qb1 Nd4 45.Qf1 Nf3 46.Qb1 Nd4 47.Rc5 Qe6 48.
Nc4 Qf5 49.Ncd2 Qe6 50.b6 axb6 51.axb6 Rb7 52.Nc4 Qe7 53.Qd1 Nf3 54.Qa4 
Qd8 55.Ned6 Rd7 56.Qc6 Ng5 57.b7 Qf8 58.Kg2 Rd8 59.Rb5 Rb8 60.Rb1 Qf6 61.
Rf1 Qe6 62.Rf2 Rd8 63.h4 gxh3+ 64.Kh2 e4 65.dxe4 Qg4 66.Qc8 Nf3+ 67.Kh1 
Rd7 68.b8=Q Qxg3 69.Qg8+ Kg6 70.Qe6+ Kh5 71.Qbe8+ Kh4 72.Nf5+ Kg4 73.Q8g6+
1-0

[Event "20th Capablanca memorial group B"]
[Site "Havana CUB"]
[Date "1985.??.??"]
[Round "8"]
[White "Tatai, Stefano"]
[Black "Garcia Palermo, Carlos"]
[Result "1/2-1/2"]
[WhiteElo "2475"]
[BlackElo "2520"]
[EventDate "1985.05.22"]
[PlyCount "81"]

1.d4 d5 2.Nf3 Nf6 3.g3 c5 4.Bg2 cxd4 5.O-O g6 6.Nxd4 Bg7 7.c4 e5 8.Nf3 e4 
9.Nfd2 e3 10.fxe3 O-O 11.Nb3 dxc4 12.Qxd8 Rxd8 13.Na5 Nc6 14.Nxc6 bxc6 15.
Bxc6 Bh3 16.Re1 Rac8 17.Bf3 Nd5 18.Bxd5 Rxd5 19.Nc3 Bxc3 20.bxc3 Re8 21.
Rb1 h5 22.Rb2 Bf5 23.Rd2 Rxd2 24.Bxd2 Be4 25.Bc1 Rd8 26.h3 g5 27.g4 hxg4 
28.hxg4 f6 29.Rf1 Kf7 30.a4 Rh8 31.a5 Rh4 32.Ba3 Rxg4+ 33.Kf2 Rg2+ 34.Ke1 
a6 35.Bd6 Ke6 36.Bc7 Rg4 37.Rf2 Rh4 38.Rh2 Rg4 39.Kf2 Rh4 40.Rxh4 gxh4 41.
Bd8 1/2-1/2

[Event "20th Capablanca memorial group B"]
[Site "Havana CUB"]
[Date "1985.??.??"]
[Round "9"]
[White "Ortega, Lexy"]
[Black "Garcia Gonzales, Guillermo"]
[Result "1/2-1/2"]
[WhiteElo "2385"]
[BlackElo "2440"]
[EventDate "1985.05.22"]
[PlyCount "47"]

1.Nf3 Nf6 2.c4 e6 3.g3 a6 4.d4 b5 5.Bg2 bxc4 6.Ne5 d5 7.Nxc4 c5 8.O-O Nc6 
9.dxc5 Bxc5 10.Bf4 Bb7 11.Ne5 Nxe5 12.Bxe5 O-O 13.Nc3 Nd7 14.Bd4 Bd6 15.
Qb3 Bc6 16.e4 dxe4 17.Nxe4 Bd5 18.Qe3 Be5 19.Rfd1 Qb8 20.Nc5 Bxd4 21.Qxd4 
Nxc5 22.Bxd5 exd5 23.Qxc5 Qxb2 24.Qxd5 1/2-1/2

[Event "20th Capablanca memorial group B"]
[Site "Havana CUB"]
[Date "1985.??.??"]
[Round "9"]
[White "Montiel, Pedro"]
[Black "Verduga Zavala, Denis Homero"]
[Result "0-1"]
[WhiteElo "2310"]
[BlackElo "2415"]
[EventDate "1985.05.22"]
[PlyCount "80"]

1.e4 g6 2.d4 Bg7 3.Be2 c5 4.Nf3 cxd4 5.Nxd4 Nc6 6.Nb3 Nf6 7.Nc3 O-O 8.O-O 
d6 9.Kh1 a6 10.f4 b5 11.Bf3 Bb7 12.Qe2 b4 13.Nd5 Nxd5 14.exd5 Na5 15.Nxa5 
Qxa5 16.Rd1 Rfe8 17.a3 Rac8 18.Rb1 Qc7 19.Be4 e6 20.Qf1 exd5 21.Bd3 a5 22.
axb4 axb4 23.Bd2 Qc5 24.f5 d4 25.Qf4 Qd5 26.Qg4 b3 27.cxb3 Qxb3 28.Bg5 Rc5
29.h4 h5 30.Qf4 Rce5 31.f6 Bf8 32.Qxd4 Re2 33.Rg1 Qe6 34.Kh2 Re5 35.Rgf1 
Rd5 36.Qc3 Rc8 37.Qb3 Ba8 38.Rbe1 Qg4 39.Re4 Rxd3 40.Qxd3 Bxe4 0-1

[Event "20th Capablanca memorial group B"]
[Site "Havana CUB"]
[Date "1985.??.??"]
[Round "10"]
[White "Huertas Soris, Ramon"]
[Black "Montiel, Pedro"]
[Result "1-0"]
[WhiteElo "2440"]
[BlackElo "2310"]
[EventDate "1985.05.22"]
[PlyCount "75"]

1.d4 Nf6 2.c4 d6 3.Nc3 e5 4.Nf3 Nbd7 5.Bg5 h6 6.Bh4 Be7 7.e3 c6 8.Be2 O-O 
9.O-O Re8 10.b4 Qc7 11.Rc1 Nf8 12.h3 Bf5 13.Bg3 Ng6 14.c5 Qb8 15.b5 Ne4 
16.Nxe4 Bxe4 17.bxc6 bxc6 18.cxd6 Bxd6 19.dxe5 Nxe5 20.Nd4 Qb7 21.f3 Bd5 
22.Nxc6 Nxc6 23.Bxd6 Be6 24.Qa4 Bd7 25.Bb5 Ne5 26.Bxd7 Qxd7 27.Qxd7 Nxd7 
28.Rc7 Nb6 29.e4 Red8 30.Bf4 g5 31.Be3 Rd3 32.Re1 Ra3 33.Re2 Rd8 34.Bxb6 
Rd1+ 35.Kf2 axb6 36.Rc6 Ra6 37.Rxh6 Ra1 38.Rb2 1-0

[Event "20th Capablanca memorial group B"]
[Site "Havana CUB"]
[Date "1985.??.??"]
[Round "10"]
[White "Hernandez, Jose de Jesus"]
[Black "Pecorelli Garcia, Humberto"]
[Result "1/2-1/2"]
[WhiteElo "2335"]
[BlackElo "2435"]
[EventDate "1985.05.22"]
[PlyCount "82"]

1.d4 Nf6 2.c4 g6 3.Nc3 Bg7 4.e4 d6 5.Be2 O-O 6.Bg5 h6 7.Be3 e5 8.d5 Kh7 9.
g4 Ne8 10.h4 c6 11.h5 g5 12.Nh3 a6 13.f3 b5 14.b3 b4 15.Na4 c5 16.a3 a5 
17.axb4 axb4 18.Nf2 Bf6 19.O-O Ng7 20.Nh1 Na6 21.Ng3 Be7 22.Qd2 f6 23.Rfd1
Bb7 24.Ra2 Qc7 25.Rda1 Nb8 26.Nb2 Nd7 27.Nd3 Rxa2 28.Rxa2 Ra8 29.Rxa8 Bxa8
30.Qa2 Bb7 31.Bd2 Bd8 32.Qa4 Qc8 33.Kf1 Qc7 34.Ke1 Bc8 35.Kd1 Qa5 36.Qc6 
Bc7 37.Nb2 Nb8 38.Qa4 Bd7 39.Qxa5 Bxa5 40.Kc2 Na6 41.Nd1 Bc7 1/2-1/2

[Event "20th Capablanca memorial group B"]
[Site "Havana CUB"]
[Date "1985.??.??"]
[Round "11"]
[White "Csom, Istvan"]
[Black "Tatai, Stefano"]
[Result "1/2-1/2"]
[WhiteElo "2480"]
[BlackElo "2475"]
[EventDate "1985.05.22"]
[PlyCount "33"]

1.e4 e5 2.Nf3 Nc6 3.Bb5 a6 4.Ba4 Nf6 5.O-O Be7 6.Bxc6 dxc6 7.d3 Nd7 8.Nbd2
O-O 9.Nc4 f6 10.Nh4 Nc5 11.Nf5 Bxf5 12.exf5 Re8 13.Be3 Qd5 14.Nd2 Nd7 15.
Ne4 Nb6 16.b3 Nc8 17.Qg4 1/2-1/2

[Event "20th Capablanca memorial group B"]
[Site "Havana CUB"]
[Date "1985.??.??"]
[Round "11"]
[White "Pecorelli Garcia, Humberto"]
[Black "Vogt, Lothar"]
[Result "1/2-1/2"]
[WhiteElo "2435"]
[BlackElo "2460"]
[EventDate "1985.05.22"]
[PlyCount "87"]

1.e4 c5 2.Nc3 e6 3.Nf3 d6 4.d4 cxd4 5.Nxd4 Nf6 6.Be2 Be7 7.O-O O-O 8.Be3 
Nc6 9.Nb3 a6 10.a4 b6 11.Kh1 Bb7 12.f4 Qc7 13.Rf3 Nb4 14.Nd2 d5 15.e5 Ne4 
16.Bd4 f5 17.Nb3 Bc5 18.a5 Nc6 19.axb6 Bxb6 20.Bxb6 Qxb6 21.Qg1 Qxg1+ 22.
Kxg1 Rfc8 23.Na4 Rc7 24.c3 Rb8 25.Rff1 Bc8 26.Ra3 Na7 27.Bd1 Bd7 28.Bc2 
Bb5 29.Rd1 Be2 30.Re1 Bc4 31.Na5 Bb5 32.Nb3 Kf7 33.Nd4 Nc6 34.Nf3 h6 35.
Rb1 Na5 36.b4 Nc4 37.Raa1 Ne3 38.Bxe4 dxe4 39.Nd4 Bd3 40.Rc1 g5 41.Nc5 Rb6
42.Na4 Rb8 43.Nc5 Rb6 44.Na4 1/2-1/2

[Event "20th Capablanca memorial group B"]
[Site "Havana CUB"]
[Date "1985.??.??"]
[Round "12"]
[White "Lechtynsky, Jiri"]
[Black "Huertas Soris, Ramon"]
[Result "1/2-1/2"]
[WhiteElo "2445"]
[BlackElo "2440"]
[EventDate "1985.05.22"]
[PlyCount "22"]

1.Nf3 d5 2.d4 Nf6 3.c4 e6 4.Bg5 dxc4 5.Nc3 c6 6.e4 b5 7.e5 h6 8.Bh4 g5 9.
Nxg5 Nd5 10.Nxf7 Qxh4 11.Nxh8 Bb4 1/2-1/2

[Event "20th Capablanca memorial group B"]
[Site "Havana CUB"]
[Date "1985.??.??"]
[Round "12"]
[White "Hernandez, Jose de Jesus"]
[Black "Verduga Zavala, Denis Homero"]
[Result "0-1"]
[WhiteElo "2335"]
[BlackElo "2415"]
[EventDate "1985.05.22"]
[PlyCount "114"]

1.e4 g6 2.d4 Bg7 3.Nf3 c5 4.d5 a6 5.a4 d6 6.Be2 Nf6 7.Nc3 O-O 8.O-O e6 9.
dxe6 fxe6 10.e5 dxe5 11.Qxd8 Rxd8 12.Bg5 Nc6 13.Bxf6 Bxf6 14.Ne4 Be7 15.c3
b6 16.Rfe1 Rb8 17.h4 b5 18.axb5 axb5 19.h5 gxh5 20.Nh2 h4 21.Bg4 b4 22.Nf3
h6 23.Red1 Rd5 24.Kh2 Nd8 25.Rd2 Bb7 26.Ra7 Kf8 27.Ra1 Rxd2 28.Nfxd2 Bd5 
29.Be2 Nf7 30.f3 Ra8 31.Rxa8+ Bxa8 32.cxb4 Ng5 33.Nxg5 Bxg5 34.Nb1 Ke7 35.
Kg1 Be3+ 36.Kf1 Kf6 37.Bd1 Kg5 38.Bc2 Kf4 39.Na3 Bc6 40.Be4 Be8 41.Ke2 Bc1
42.Nc2 Kg3 43.Ne1 Bxb2 44.Kd2 Kf2 45.Nc2 Kxg2 46.f4+ Kg3 47.fxe5 Kf4 48.
Bg2 Kxe5 49.Nd4 Kf4 50.Nxe6+ Kg3 51.Be4 h3 52.Nd4 Kf2 53.Bb7 h2 54.Nf5 h5 
55.Nd6 Bd7 56.Ne4+ Kg1 57.Nf6 Bg4 0-1

[Event "20th Capablanca memorial group B"]
[Site "Havana CUB"]
[Date "1985.??.??"]
[Round "12"]
[White "Garcia Gonzales, Guillermo"]
[Black "Pecorelli Garcia, Humberto"]
[Result "1/2-1/2"]
[WhiteElo "2440"]
[BlackElo "2435"]
[EventDate "1985.05.22"]
[PlyCount "67"]

1.d4 Nf6 2.Nf3 g6 3.g3 Bg7 4.Bg2 O-O 5.O-O d6 6.Re1 Nbd7 7.e4 e5 8.a4 Re8 
9.Nc3 a5 10.dxe5 dxe5 11.Nb5 b6 12.Bg5 Ba6 13.Bh3 Re7 14.Nd2 Nc5 15.Qf3 c6
16.Rad1 cxb5 17.Bxf6 Bxf6 18.axb5 Bxb5 19.Qxf6 Rd7 20.Qxd8+ Rdxd8 21.Bf1 
Bxf1 22.Kxf1 b5 23.Nb1 b4 24.f3 f6 25.Ke2 Kf7 26.Rxd8 Rxd8 27.Rd1 Rxd1 28.
Kxd1 Ke6 29.b3 f5 30.Nd2 fxe4 31.fxe4 a4 32.bxa4 Nxa4 33.Ke2 Nc5 34.Ke3 
1/2-1/2